|
|
|
|
| LEADER |
00000caa a22000002c 4500 |
| 001 |
1912489104 |
| 003 |
DE-627 |
| 005 |
20250124054928.0 |
| 007 |
tu |
| 008 |
241217s2006 xx ||||| 00| ||eng c |
| 035 |
|
|
|a (DE-627)1912489104
|
| 035 |
|
|
|a (DE-599)KXP1912489104
|
| 040 |
|
|
|a DE-627
|b ger
|c DE-627
|e rda
|
| 041 |
|
|
|a eng
|
| 084 |
|
|
|a 2,1
|2 ssgn
|
| 100 |
1 |
|
|a Lynch, James P.
|d 1949-
|e VerfasserIn
|0 (DE-588)137675984
|0 (DE-627)594836166
|0 (DE-576)166396095
|4 aut
|
| 109 |
|
|
|a Lynch, James P. 1949-
|a Lynch, James 1949-
|a Lynch, James Patrick 1949-
|
| 245 |
1 |
0 |
|a Conclusion
|
| 264 |
|
1 |
|b Cambridge University Press
|c 2006
|
| 336 |
|
|
|a Text
|b txt
|2 rdacontent
|
| 337 |
|
|
|a ohne Hilfsmittel zu benutzen
|b n
|2 rdamedia
|
| 338 |
|
|
|a Band
|b nc
|2 rdacarrier
|
| 700 |
1 |
|
|a Addington, Lynn A.
|e VerfasserIn
|0 (DE-588)173980791
|0 (DE-627)698879880
|0 (DE-576)186309546
|4 aut
|
| 773 |
0 |
8 |
|i Enthalten in
|t Understanding Crime Statistics: Revisiting the Divergence of the NCVS and UCR
|g (2006), Seite 297-334
|
| 773 |
1 |
8 |
|g year:2006
|g pages:297-334
|
| 935 |
|
|
|a mkri
|
| 951 |
|
|
|a AR
|
| ELC |
|
|
|b 1
|
| LOK |
|
|
|0 000 xxxxxcx a22 zn 4500
|
| LOK |
|
|
|0 001 4637454603
|
| LOK |
|
|
|0 003 DE-627
|
| LOK |
|
|
|0 004 1912489104
|
| LOK |
|
|
|0 005 20241217044239
|
| LOK |
|
|
|0 008 241217||||||||||||||||ger|||||||
|
| LOK |
|
|
|0 035
|a (DE-2619)ICPSR45113
|
| LOK |
|
|
|0 040
|a DE-2619
|c DE-627
|d DE-2619
|
| LOK |
|
|
|0 092
|o n
|
| LOK |
|
|
|0 852
|a DE-2619
|
| LOK |
|
|
|0 852 1
|9 00
|
| LOK |
|
|
|0 935
|a uvkn
|a nacp
|
| LOK |
|
|
|0 939
|a 17-12-24
|b l01
|
| ORI |
|
|
|a SA-MARC-krimdoka001.raw
|